| 000 -NÁVESTIE |
| fixed length control field |
00592nam a2200181 a 4500 |
| 008 - ÚDAJE S PEVNOU DĹŽKOU – VŠEOBECNÉ INFORMÁCIE |
| fixed length control field |
010312s1995 m yxo 0 slo c |
| 040 ## - ZDROJ KATALOGIZÁCIE |
| Pôvodná katalogizujúca agentúra |
SNK |
| Jazyk katalogizácie |
slo |
| Prepisujúca agentúra |
SNK |
| Konvencie popisu |
AACR2 |
| 041 1# - KÓD JAZYKA |
| Kód jazyka textu/zvukovej stopy alebo samostatných nápisov |
slo |
| 044 ## - KÓD KRAJINY VYDAVATEĽA/PRODUCENTA |
| Kód krajiny MARC |
xo |
| Kód krajiny ISO |
SK |
| 080 ## - ČÍSLO MEDZINÁRODNÉHO DESATINNÉHO TRIEDENIA (MDT) |
| Číslo Medzinárodného desatinného triedenia (MDT) |
908.437.6(084.3) |
| 020 ## - MEDZINÁRODNÉ ŠTANDARDNÉ ČÍSLO KNIHY (ISBN) |
| Údaje o dostupnosti |
10 |
| 245 10 - NÁZOV |
| Názov |
Slovenská republika |
| Médium |
kartografický dokument |
| Zvyšok názvu |
Zošitové atlasy pre základné a stredné školy |
| 260 ## - VYDAVATEĽSKÉ ÚDAJE, DISTRIBÚCIA ATĎ. |
| Názov vydavateľa, distibútora atď. |
Vojenský kartagrafický ústav |
| Miesto publikovania, distribúcie atď. |
Harmanec |
| Dátum publikovania, distribúcie atď. |
1995 |
| 300 ## - FYZICKÝ POPIS |
| Rozsah |
1 mapa |
| Ďalšie fyzické detaily |
fareb. |
| 651 07 - PRIDANÝ VSTUP – PREDMET – GEOGRAFICKÝ NÁZOV |
| Geografický názov |
Slovensko |
| Všeobecný pododdiel |
mapy všeobecnozemepisné |
| Zdroj hesla alebo termínu |
SNK |
| 923 ## - |
| -- |
všeobecnozemepisná |
| -- |
nástenná |
| -- |
pre verejnosť |
| 958 ## - Formálny deskriptor |
| Formálny deskriptor |
CMP |